000
00336nam a2200133Ia 4500
008
240624s9999 xx 000 0 und d
041
_a
eng
082
_a
200 SHO
100
_a
SHOURIE ARUN
245
_a
WORLD OF FATWARS OR THE SHARIAH IN ACTIO
260
_c
2002
_a
New Delhi
_b
Rupa and Company
300
_a
696 : p.
365
_c
RS
_b
25
999
_c
17635
_d
17635